000 00307nam a22001337a 4500
008 171124b xxu||||| |||| 00| 0 eng d
020 _a9780201483857
041 _aeng
080 _a159.9
100 _a48
101 _aPSI
245 _aALL GROWN UP AND NO PLACE TO GO
_cDAVID.E
942 _2udc
_cBK
999 _c38517
_d38517